|
|
|
|
| LEADER |
00000nam a2200000 a 4500 |
| 001 |
vtls008400009 |
| 003 |
SK-MaSNL |
| 005 |
20260302004151.0 |
| 008 |
251124s1929 xo hun |
| 015 |
|
|
|a SKSNBA19191938-006336
|
| 035 |
|
|
|a SK01SNKBIKKM20010092226
|
| 035 |
|
|
|a SKM000094689
|
| 040 |
|
|
|a SNK
|b slo
|c SNK
|e AACR2
|
| 041 |
1 |
|
|a hun
|
| 044 |
|
|
|a xo
|
| 080 |
|
|
|a 894.511
|2 1981
|
| 100 |
1 |
|
|a Szabó, Béla,
|d 1906-1980
|4 aut
|9 177647
|
| 245 |
1 |
0 |
|a Pipacs
|b (versek.)
|c Szabó Béla
|
| 260 |
|
|
|a Kassa
|b [s.n.]
|c 1929
|e Kassa
|f Volossynovich Béla
|
| 300 |
|
|
|a 47 s.
|c 8°
|
| 650 |
0 |
7 |
|a maďarská poézia
|2 SNK
|9 1294
|
| 655 |
|
7 |
|a umelecká literatúra
|2 SNKPH
|9 60405
|
| 852 |
|
|
|a Slovenská národná knižnica v Martine
|b 10000
|h MS SD 13827
|
| 852 |
|
|
|a Univerzitná knižnica v Bratislave
|b 300000
|h 21 F 5052
|
| 958 |
|
|
|a OND
|
| 958 |
|
|
|a RK
|
| 958 |
|
|
|a TL
|
| 999 |
|
|
|c 994870
|d 996800
|
| 952 |
|
|
|a SNK
|b SNK
|y PREZ
|7 0
|p 17A0512353
|o snkSD 13827
|i snkKSF 4540/57
|8 5
|0 0
|1 0
|4 0
|d 2006-05-25
|l 0
|r 2025-11-27 00:00:00
|w 2026-02-24
|